00305nam a2200133Ia 4500008004100000020001500041041001200056082001600068100001400084245001200098260003700110300000800147650001600155221030s9999 xx 000 0 und d a818743337X aEnglish a105.23bSha aV. Sharma 0aAutoCAD bDhanpat Rai PubaNew Delhic2001 a233 aBE Computer